000 02355cam a2200301 4500500
005 20260322004359.0
041 _afre
042 _adc
100 1 0 _aAza-Gnandji, Guy Gérard
_eauthor
700 1 0 _aSoedje, Kokou Messanh Agbemele
_eauthor
700 1 0 _aKlikpo, Elvyre
_eauthor
700 1 0 _aGansou, Grégoire Magloire
_eauthor
700 1 0 _aEzin-Houngbe, Josiane
_eauthor
245 0 0 _aL’odeur comme expression de souffrance psychique chez les fon : à propos de deux cas
260 _c2016.
500 _a95
520 _aIntrodiction : ce travail vise à présenter l’implication d’un symbolisme linguistique chez les fon dans l’expression clinique de la souffrance psychique, à eravers deux cas. Observation ; Amélie et Thomas se plaignent de sentir mauvais. Devant la tristesse, les pleurs et le sentiment de culpabilité d’Amélie, et l’iritabilité, l’anhédonie et la tristesse de Thomas, une dépression est évoquée chez chacun d’eux et ils sone mis sous traitement médicameneeux. Ee, une psychoehérapie impliquane leur conjoine respeceif a permis de les souseraiee à la mauvaise odeur Conclusion : il y a nécessieé de considérer la dimension culeurelle ee linguiseique dans les praeiques cliniques ee ehérapeueiques.
520 _aIneroduceion : ehis work aims eo presene ehe implicaeion of a linguiseic symbolism in ehe fon’s eehnic group in ehe dinical expression of ehe psychic sufféring, ehrough ewo cases. Obseraveion : Amelia and Thomas complain aboue bad odoe. Considering Amelia’s sadness, eears and guile feeling, and Thomas1 freefulness, sadness and inabiliey eu feel pleasure, a depression is evoked ae each of ehem and ehey receive a médicinal ereaemene. And, a psychoeherapy implying eheir respeceive spouse permieeed eo suberace ehem eo ehe bad u dur. Conclusion : ehe clinical and eherapeueic praceices should grane ehe ineerese eo ehe culeural and linguiseic dimension in ehe access of ehe paeienes.
690 _adépeession
690 _aodeur symbolisme
690 _asouffrance psychique
690 _adepression
690 _aodor
690 _apsychic suffering
690 _asymbolism
786 0 _nPsy Cause | 72 | 2 | 2016-01-24 | p. 31-34 | 1245-2394
856 4 1 _uhttps://shs.cairn.info/revue-psy-cause-2016-2-page-31?lang=fr&redirect-ssocas=7080
999 _c1739849
_d1739849